Skład reprezentacji Polski w latach 2002-2026 część 1/3 (2002-2011) - Statystyki

Ogólne statystyki
  • Ten quiz został rozwiązany 38 razy
  • Średni wynik to 70 z 110
Statystyki odpowiedzi
% Poprawnych
Bramkarz Artur Boruc
91%
Pomocnik Jakub Błaszczykowski
91%
Bramkarz Jerzy Dudek
91%
Pomocnik Mariusz Lewandowski
91%
Napastnik Robert Lewandowski
91%
Bramkarz Wojciech Szczęsny
88%
Napastnik Emmanuel Olisadebe
82%
Obrońca Łukasz Piszczek
79%
Pomocnik Jacek Krzynówek
73%
Obrońca Michał Żewłakow
73%
Obrońca Tomasz Hajto
73%
Obrońca Jacek Bąk
67%
Napastnik Paweł Brożek
67%
Napastnik Euzebiusz Smolarek
64%
Obrońca Jakub Wawrzyniak
64%
Napastnik | Pomocnik Maciej Żurawski
61%
Obrońca Marcin Wasilewski
61%
Napastnik Tomasz Frankowski
61%
Obrońca Tomasz Kłos
61%
Obrońca Tomasz Wałdoch
58%
Obrońca Mariusz Jop
55%
Obrońca | Pomocnik Dariusz Dudka
48%
Napastnik | Pomocnik Ireneusz Jeleń
48%
Pomocnik Kamil Kosowski
45%
Pomocnik Ludovic Obraniak
45%
Pomocnik Piotr Świerczewski
45%
Obrońca Damien Perquis
42%
Pomocnik Mirosław Szymkowiak
42%
Obrońca Marcin Baszczyński
39%
Pomocnik Radosław Kałużny
39%
Pomocnik Rafał Murawski
39%
Napastnik Roger Guerreiro
39%
Bramkarz Tomasz Kuszczak
39%
Pomocnik Eugen Polanski
36%
Napastnik Paweł Kryszałowicz
33%
Pomocnik Radosław Sobolewski
33%
Pomocnik Adrian Mierzejewski
24%
Obrońca Grzegorz Bronowicki
18%
Obrońca Tomasz Jodłowiec
18%
Pomocnik Adam Matuszczyk
12%
Obrońca Maciej Sadlok
6%
Nie znaleziono quizów pasujących do podanych kryteriów
Rozkład punktacji
Procent ludzi z każdym wynikiem
Percentyl według liczby udzielonych odpowiedzi
Twoja historia wyników
Nie rozwiązałeś tego quizu